Normal view
MARC view
Entry Topical Term
001 - CONTROL NUMBER
- control field: 236211
003 - CONTROL NUMBER IDENTIFIER
- control field: OSt
005 - DATE AND TIME OF LATEST TRANSACTION
- control field: 20250818150300.0
008 - FIXED-LENGTH DATA ELEMENTS
- fixed length control field: 250818|| aca||aabn | a|a d
040 ## - CATALOGING SOURCE
- Original cataloging agency: OSt
- Transcribing agency: OSt
150 ## - HEADING--TOPICAL TERM
- Topical term or geographic name entry element: Samskrata-kannada
670 ## - SOURCE DATA FOUND
- Source citation: Work cat.: (OSt)76594: GOPALACHARYA (Shrinivasa) Ed ಗೋಪಾಲಾಚಾರ್ಯ (ಶ್ರೀನಿವಾಸ) 236207, Samskrata-kannada shabdakosha: padagalu a uhu Vol 1, 1928